Le sens de la liturgie : la relation entre Dieu et l'homme.
Sábháilte in:
| Príomhchruthaitheoir: | |
|---|---|
| Formáid: | LEABHAR |
| Teanga: | Fraincis |
| Foilsithe / Cruthaithe: |
Paris :
Les Éditions du Cerf,
1988.
|
| Sraith: | Théologies (Les Éditions du Cerf) ;
|
| Ábhair: | |
| Clibeanna: |
Níl clibeanna ann, Bí ar an gcéad duine le clib a chur leis an taifead seo!
|
MARC
| LEADER | 00000nam a2200000Ia 4500 | ||
|---|---|---|---|
| 001 | 000032861 | ||
| 003 | BR-CrsFAEV | ||
| 005 | 20240103180854.0 | ||
| 008 | 151203t1988||||fr |||||||||||||1 e|fre|d | ||
| 020 | |a 2204027634 | ||
| 020 | |a 9782204027632 | ||
| 040 | |a BR-CrsFAEV |b por |c BR-CrsFAEV | ||
| 041 | 0 | |a fre | |
| 080 | 0 | |2 1997 |a 273.31-1 |b A575s | |
| 100 | 1 | |a Andronikov, Konstantin Eseevich, |9 10835 |d 1916-1997 | |
| 245 | 1 | 3 | |a Le sens de la liturgie : |b la relation entre Dieu et l'homme. |
| 260 | |a Paris : |b Les Éditions du Cerf, |c 1988. | ||
| 300 | |a 324 p. ; |c 24 cm. | ||
| 490 | 1 | |a Théologies ; | |
| 520 | 3 | |a Depuis deux mille ans, l'Église du Christ s'adresse à Dieu pour lui exprimer sa foi et sa louange, ses demandes et son espérance, ses angoisses et sa certitude. Progressivement formée au cours des siècles, la liturgie nourrit la pensée et le cœur des chrétiens... | |
| 546 | |a Texto em francês. | ||
| 650 | 4 | |9 190 |a Cismas. | |
| 650 | 4 | |9 9233 |a Heresias. | |
| 650 | 4 | |9 9572 |a Igreja ortodoxa (I.O.). | |
| 650 | 4 | |9 9739 |a Liturgia oriental. | |
| 830 | 0 | |9 3957 |a Théologies (Les Éditions du Cerf) ; |x 0761-4330 | |
| 942 | |c BK |2 udc | ||
| 952 | |0 0 |1 0 |2 udc |4 0 |6 273311_A575S |7 0 |9 2077 |a SBT |b SBT |c GEN |d 2015-12-04 |h 1988 - 324 p. |o 273.31-1 A575s |p 27025 |r 2018-08-03 00:00:00 |t ex.01 |w 2015-12-04 |y BK | ||
| 999 | |c 1821 |d 1821 | ||